000 00283nam a2200121Ia 4500
008 190216s9999||||xx |||||||||||||| ||und||
100 _aPeter P Silvester
245 0 _aUnix System Guidebook
260 _bNarosa Pubs House
_c1989
300 _a335p
650 _aComputer
942 _cBK
999 _c8428
_d8428